| 000 | 00604nam a22001697a 4500 | ||
|---|---|---|---|
| 003 | MACL | ||
| 005 | 20150704145305.0 | ||
| 008 | 150704b xxu||||| |||| 00| 0 eng d | ||
| 040 | _cMACL | ||
| 041 | _aHindi | ||
| 082 | _a741.642 | ||
| 100 |
_aप्रेमचन्द _9597 |
||
| 245 | _aसत्याग्रह, गोपाल कृष्ण गोखले, महिला पढ लिख ले तो | ||
| 260 |
_aइलाहाबाद _bशीतल पब्लिकेशन _c2007 |
||
| 650 |
_aचिल्ड्रन बुक्स _9343 |
||
| 942 |
_2ddc _cHIN |
||
| 999 |
_c49995 _d49995 |
||